Formula 1: Most Podiums - Statistics

General Stats
  • This quiz has been taken 1,757 times
    235 since last reset
  • The average score is 27 of 31
Answer Stats
Podiums Driver Active years Country % Correct
106 Fernando Alonso 2001, 2003-2018, 2021- Spain
99%
202 Lewis Hamilton 2007- United Kingdom
99%
127 Max Verstappen 2015- Netherlands
99%
155 Michael Schumacher 1991-2006, 2010-2012 Germany
99%
122 Sebastian Vettel 2007-2022 Germany
99%
103 Kimi Räikkönen 2001-2009, 2012-2021 Finland
98%
80 Ayrton Senna 1984-1994 Brazil
97%
50 Charles Leclerc 2019- Monaco
97%
67 Valtteri Bottas 2013- Finland
96%
106 Alain Prost 1980-1991, 1993 France
95%
44 Lando Norris 2019- United Kingdom
94%
54 Niki Lauda 1971-1979, 1982-1985 Austria
94%
39 Sergio Pérez 2011-2024 Mexico
94%
51 Mika Häkkinen 1991-2001 Finland
93%
57 Nico Rosberg 2006-2016 Germany
93%
50 Jenson Button 2000-2016 United Kingdom
91%
41 Felipe Massa 2002, 2004-2016 Brazil
90%
68 Rubens Barrichello 1993-2011 Brazil
90%
42 Mark Webber 2002-2013 Australia
88%
42 Damon Hill 1992-1999 United Kingdom
87%
36 Graham Hill 1958-1975 United Kingdom
86%
60 Nelson Piquet 1978-1991 Brazil
86%
35 Juan Manuel Fangio 1950-1951, 1953-1958 Argentina
85%
59 Nigel Mansell 1980-1992, 1994-1995 United Kingdom
85%
62 David Coulthard 1994-2008 United Kingdom
81%
35 Emerson Fittipaldi 1970-1980 Brazil
78%
43 Jackie Stewart 1965-1973 United Kingdom
72%
33 Jody Scheckter 1972-1980 South Africa
72%
48 Gerhard Berger 1984-1997 Austria
70%
45 Carlos Reutemann 1972-1982 Argentina
55%
37 Riccardo Patrese 1977-1993 Italy
51%
No matching quizzes found
Score Distribution
Percent of People with Each Score
Percentile by Number Answered
Your Score History
You have not taken this quiz since the last reset